[Event "6th Essent op"]
[Site "Hoogeveen NED"]
[Date "2002.10.12"]
[Round "2.5"]
[White "Archangelsky, Mikhail"]
[Black "Shaposhnikov, Evgeny"]
[Result "0-1"]
[WhiteElo "2370"]
[BlackElo "2544"]
[EventDate "2002.10.11"]
[PlyCount "117"]

1.Nf3 c5 2.c4 Nc6 3.g3 g6 4.Bg2 Bg7 5.O-O e5 6.Nc3 Nge7 7.Ne1 d6 8.Nc2 O-O
9.d3 Rb8 10.Rb1 Be6 11.Ne3 a6 12.Bd2 b5 13.b3 Nd4 14.Ned5 Nxd5 15.Nxd5 Bg4
16.Re1 Qd7 17.Bh6 a5 18.Bxg7 Kxg7 19.f3 Be6 20.e3 Nf5 21.Nc3 b4 22.Ne4 h6 
23.Rb2 Ne7 24.d4 Qc7 25.dxc5 dxc5 26.Qd6 Qxd6 27.Nxd6 Rfd8 28.Rd2 Rd7 29.
Red1 Rbd8 30.Kf2 Nc8 31.Ne8+ Kf8 32.Rxd7 Rxd7 33.Rxd7 Bxd7 34.Nc7 Ke7 35.
Nd5+ Kd6 36.f4 Bf5 37.e4 Be6 38.Ne3 Nb6 39.Bf1 a4 40.Bd3 a3 41.Ke2 Nc8 42.
f5 Bd7 43.h4 Ne7 44.Kf3 Nc6 45.Nc2 Ke7 46.Kf2 h5 47.Ne3 Nd4 48.Bb1 Bc6 49.
fxg6 fxg6 50.Nd5+ Kd6 51.Ke3 Bd7 52.Nf6 Bh3 53.Kf2 Ke6 54.Nd5 Bg4 55.Ne3 
Bf3 56.Nc2 Nxb3 57.Ke3 Bxe4 58.Nxa3 Bxb1 59.Nxb1 0-1

[Event "6th Essent op"]
[Site "Hoogeveen NED"]
[Date "2002.10.12"]
[Round "2.8"]
[White "Bezgodov, Alexei"]
[Black "Filipek, Jakub"]
[Result "1-0"]
[WhiteElo "2536"]
[BlackElo "2374"]
[EventDate "2002.10.11"]
[PlyCount "81"]

1.e4 c5 2.Nf3 d6 3.c3 Nf6 4.Bd3 g6 5.Bc2 Bg7 6.d4 O-O 7.h3 b6 8.O-O Bb7 9.
Re1 Na6 10.a3 Rc8 11.Nbd2 cxd4 12.cxd4 Nc7 13.Nf1 d5 14.e5 Ne4 15.N1d2 
Nxd2 16.Bxd2 Ne6 17.h4 h5 18.Bd3 Rc4 19.Be3 Qd7 20.Qd2 Rfc8 21.Rad1 Qa4 
22.Bxc4 dxc4 23.Ng5 Nxg5 24.Bxg5 e6 25.Bf6 Bf8 26.Qf4 Bd5 27.Rc1 Qb3 28.
Qd2 a5 29.Rc3 Qa2 30.g4 hxg4 31.h5 Kh7 32.hxg6+ fxg6 33.Qg5 Qxb2 34.Rg3 
Bf3 35.Qh4+ Kg8 36.Qh8+ Kf7 37.Rxf3 gxf3 38.Qh7+ Ke8 39.d5 Qd2 40.Qxg6+ 
Kd7 41.Qf7+ 1-0

[Event "6th Essent op"]
[Site "Hoogeveen NED"]
[Date "2002.10.12"]
[Round "2.9"]
[White "Span, Paul"]
[Black "Goloshchapov, Alexander"]
[Result "0-1"]
[WhiteElo "2295"]
[BlackElo "2536"]
[EventDate "2002.10.11"]
[PlyCount "44"]

1.c4 c5 2.g3 Nf6 3.Bg2 d5 4.cxd5 Nxd5 5.Nc3 Nc7 6.Nf3 Nc6 7.O-O e5 8.Ne1 
Bd7 9.Nd3 Bd6 10.Ne4 Qe7 11.b3 O-O 12.Bb2 f6 13.f4 exf4 14.Nxd6 f3 15.Bxf3
Qxd6 16.Qc2 Ne6 17.e3 Rad8 18.Nf2 Nb4 19.Qc3 Ng5 20.Ne4 Nxf3+ 21.Rxf3 Qc6 
22.Qxc5 Nd3 0-1

[Event "6th Essent op"]
[Site "Hoogeveen NED"]
[Date "2002.10.12"]
[Round "2.11"]
[White "Radulski, Yulian"]
[Black "Dougherty, Michael J"]
[Result "1/2-1/2"]
[WhiteElo "2487"]
[BlackElo "2281"]
[EventDate "2002.10.11"]
[PlyCount "92"]

1.e4 g6 2.d4 Bg7 3.Nf3 c5 4.dxc5 Na6 5.Bc4 Nxc5 6.e5 Nh6 7.Qd5 Ne6 8.Nc3 
Rb8 9.O-O b6 10.Re1 O-O 11.Qd3 Bb7 12.Nd5 Rc8 13.Bxh6 Bxh6 14.Rad1 Rc5 15.
b4 Rxd5 16.Bxd5 Nf4 17.Qb3 Bxd5 18.Rxd5 Nxd5 19.Qxd5 Qc7 20.c4 Rc8 21.Re4 
e6 22.Qd3 Bf8 23.a3 a5 24.b5 d5 25.cxd5 exd5 26.Qxd5 Bxa3 27.e6 fxe6 28.
Qxe6+ Kg7 29.h4 Rd8 30.g3 Bc5 31.Rf4 Rf8 32.Rxf8 Kxf8 33.Qf6+ Kg8 34.Ne5 
Bd4 35.Qe6+ Kg7 36.Ng4 Qxg3+ 37.Kf1 Qc7 38.h5 gxh5 39.Qh6+ Kg8 40.Qxh5 
Qc4+ 41.Kg2 Qe6 42.Qg5+ Bg7 43.Qd8+ Kf7 44.Qc7+ Kg6 45.Qc6 Kf7 46.Qc7+ Kg6
1/2-1/2

[Event "6th Essent op"]
[Site "Hoogeveen NED"]
[Date "2002.10.12"]
[Round "2.12"]
[White "Lahaye, Rick"]
[Black "Kiriakov, Petr"]
[Result "0-1"]
[WhiteElo "2195"]
[BlackElo "2553"]
[EventDate "2002.10.11"]
[PlyCount "96"]

1.e4 e6 2.d3 d5 3.Nd2 c5 4.Ngf3 Nc6 5.g3 g6 6.Bg2 Bg7 7.O-O Nge7 8.Re1 h6 
9.exd5 exd5 10.d4 cxd4 11.Nb3 Bg4 12.h3 Bxf3 13.Bxf3 O-O 14.Nc5 Qd6 15.Nd3
Rad8 16.b3 Rfe8 17.Bb2 Kh7 18.Re2 Ng8 19.Qe1 Nf6 20.Nf4 Rxe2 21.Qxe2 a6 
22.Qf1 Ne4 23.Qg2 f5 24.Rd1 Re8 25.Nd3 Rc8 26.h4 h5 27.Nf4 Bh6 28.Bxd4 
Bxf4 29.gxf4 Nxd4 30.Rxd4 Rxc2 31.Bxe4 Rc1+ 32.Kh2 Qxf4+ 33.Qg3 Qxg3+ 34.
Kxg3 dxe4 35.Rd7+ Kh6 36.Rxb7 Rc3+ 37.Kf4 Rc2 38.Ke5 Rxf2 39.Rc7 Rxa2 40.
Kf6 Rd2 41.Rc6 e3 42.Re6 f4 43.Re8 Rd6+ 44.Kf7 Rd7+ 45.Kg8 Rg7+ 46.Kh8 g5 
47.b4 gxh4 48.b5 axb5 0-1

[Event "6th Essent op"]
[Site "Hoogeveen NED"]
[Date "2002.10.12"]
[Round "2.13"]
[White "Brodsky, Mikhail"]
[Black "Van Leent, Dmitri"]
[Result "1-0"]
[WhiteElo "2547"]
[BlackElo "2203"]
[EventDate "2002.10.11"]
[PlyCount "65"]

1.e4 e5 2.Nf3 Nc6 3.Bb5 Nf6 4.O-O Nxe4 5.d4 Nd6 6.Bxc6 dxc6 7.dxe5 Nf5 8.
Qxd8+ Kxd8 9.Nc3 Ke8 10.h3 h5 11.Ne4 a5 12.a4 b6 13.Bf4 Be6 14.Rfe1 Rd8 
15.c3 Be7 16.Neg5 c5 17.Nxe6 fxe6 18.g3 Rd7 19.Kg2 Kf7 20.Re4 Kg6 21.Rae1 
Rhd8 22.Kf1 Nh6 23.Be3 Nf5 24.Bc1 Rd5 25.Ke2 Nh6 26.Rg1 c6 27.g4 hxg4 28.
Bxh6 Kxh6 29.Rexg4 g5 30.h4 Rf8 31.hxg5+ Kg7 32.Rh1 Rf5 33.g6 1-0

[Event "6th Essent op"]
[Site "Hoogeveen NED"]
[Date "2002.10.12"]
[Round "2.14"]
[White "Boersma, Jan"]
[Black "De Vreugt, Dennis"]
[Result "0-1"]
[WhiteElo "2244"]
[BlackElo "2501"]
[EventDate "2002.10.11"]
[PlyCount "38"]

1.e4 c5 2.Nc3 Nc6 3.g3 g6 4.Bg2 Bg7 5.d3 Rb8 6.f4 d6 7.Nf3 b5 8.O-O b4 9.
Ne2 a5 10.a4 Nf6 11.h3 O-O 12.Nh4 Nd7 13.c3 bxc3 14.bxc3 Ba6 15.Ra2 Rb1 
16.Rb2 Rxb2 17.Bxb2 Qb6 18.Ba1 Bxd3 19.Kh1 c4 0-1

[Event "6th Essent op"]
[Site "Hoogeveen NED"]
[Date "2002.10.12"]
[Round "2.15"]
[White "Solleveld, Maarten"]
[Black "Markus, John Raymond"]
[Result "1-0"]
[WhiteElo "2453"]
[BlackElo "2243"]
[EventDate "2002.10.11"]
[PlyCount "59"]

1.e4 e5 2.Nf3 Nc6 3.Bb5 a6 4.Ba4 Nf6 5.O-O b5 6.Bb3 Bc5 7.a4 Bb7 8.d3 h6 
9.Nc3 b4 10.Nd5 d6 11.Be3 Bxe3 12.fxe3 Nxd5 13.Bxd5 O-O 14.Qe1 Rb8 15.Qg3 
Ne7 16.Bb3 Bc8 17.Nh4 Be6 18.Bxe6 fxe6 19.Rxf8+ Qxf8 20.Rf1 Qe8 21.Qg4 Qd7
22.Rf6 h5 23.Qg5 Rf8 24.Rh6 Qxa4 25.h3 Qxc2 26.Kh2 Qf2 27.Rxe6 Nc6 28.Nf5 
Rxf5 29.exf5 h4 30.Re8+ 1-0

[Event "6th Essent op"]
[Site "Hoogeveen NED"]
[Date "2002.10.12"]
[Round "2.16"]
[White "Van de Oudeweetering, Arthur"]
[Black "Rooda, Kai P"]
[Result "1-0"]
[WhiteElo "2413"]
[BlackElo "2156"]
[EventDate "2002.10.11"]
[PlyCount "59"]

1.e4 e5 2.Bc4 Nc6 3.Nc3 Nf6 4.d3 d6 5.f4 Be7 6.Nf3 O-O 7.f5 Na5 8.Bg5 c6 
9.Qd2 d5 10.Bb3 Nxb3 11.axb3 dxe4 12.dxe4 Ng4 13.Qxd8 Bxd8 14.Bxd8 Rxd8 
15.Ke2 f6 16.Rhd1 Bd7 17.Na4 Be8 18.Nc5 Rxd1 19.Rxd1 b6 20.Ne6 Rc8 21.h3 
Nh6 22.g4 g6 23.b4 c5 24.bxc5 Bb5+ 25.Ke3 bxc5 26.Rd5 Bc4 27.Rd7 a6 28.Nd2
Bxe6 29.fxe6 Rc6 30.Rd8+ 1-0

[Event "6th Essent op"]
[Site "Hoogeveen NED"]
[Date "2002.10.12"]
[Round "2.18"]
[White "Van Geffen, Ben"]
[Black "De Jong, Migchiel"]
[Result "0-1"]
[WhiteElo "2129"]
[BlackElo "2298"]
[EventDate "2002.10.11"]
[PlyCount "114"]

1.e4 e6 2.d4 d5 3.e5 c5 4.c3 Qb6 5.Nf3 Bd7 6.Be2 cxd4 7.cxd4 Bb5 8.Qb3 
Bxe2 9.Qxb6 axb6 10.Kxe2 Na6 11.Nc3 Nc7 12.Bd2 Ne7 13.b3 Nc6 14.a4 Be7 15.
Nb5 Kd7 16.Nxc7 Kxc7 17.Rhc1 Kd7 18.Bc3 Rhc8 19.h4 Rc7 20.g3 Rac8 21.Kd2 
Na7 22.Bb2 b5 23.Rxc7+ Rxc7 24.Rc1 Rxc1 25.Kxc1 bxa4 26.bxa4 Nc8 27.Kc2 
Nb6 28.Kb3 Nc4 29.Bc3 f6 30.Bb4 fxe5 31.Nxe5+ Nxe5 32.dxe5 Bd8 33.Bc5 Kc6 
34.Bd4 h5 35.f3 g6 36.Bf2 Bc7 37.f4 Ba5 38.Kc2 d4 39.Kd3 Kd5 40.g4 hxg4 
41.Bg3 Bd8 42.Bf2 Kc5 43.Be1 Be7 44.Bg3 Kb4 45.Kxd4 Kxa4 46.f5 exf5 47.Kd5
f4 48.Bxf4 Bxh4 49.e6 b5 50.Kd6 g3 51.Kd7 g2 52.Be3 b4 53.Bf2 Bf6 54.Bd4 
Bxd4 55.e7 g1=Q 56.e8=Q Qg4+ 57.Kc7+ Ka3 0-1

[Event "6th Essent op"]
[Site "Hoogeveen NED"]
[Date "2002.10.12"]
[Round "2.20"]
[White "Sawadkuhi, Massoud Amir"]
[Black "Hendriks, Richard V"]
[Result "1-0"]
[WhiteElo "2263"]
[BlackElo "2140"]
[EventDate "2002.10.11"]
[PlyCount "41"]

1.e4 e5 2.Nf3 Nc6 3.Bb5 f5 4.d4 fxe4 5.Bxc6 dxc6 6.Nxe5 Nf6 7.Bg5 Be7 8.c3
O-O 9.Nd2 Bf5 10.f3 exf3 11.O-O Ng4 12.Qb3+ Kh8 13.Bxe7 Qxe7 14.Ndxf3 Nxe5
15.Nxe5 b6 16.Rae1 Qe8 17.g4 Bg6 18.Rxf8+ Qxf8 19.Nxg6+ hxg6 20.Re3 Qd6 
21.Rh3# 1-0

[Event "6th Essent op"]
[Site "Hoogeveen NED"]
[Date "2002.10.12"]
[Round "2.21"]
[White "Timmermans, Ivo"]
[Black "Willemsen, Jos"]
[Result "1/2-1/2"]
[WhiteElo "2180"]
[BlackElo "2263"]
[EventDate "2002.10.11"]
[PlyCount "39"]

1.e4 c5 2.Nf3 Nc6 3.d4 cxd4 4.Nxd4 g6 5.Nc3 Bg7 6.Be3 Nf6 7.Bc4 Qa5 8.O-O 
O-O 9.Nb3 Qd8 10.f4 d6 11.Be2 a6 12.Bf3 Rb8 13.Qe2 Nd7 14.Rad1 Na5 15.Ba7 
Nxb3 16.axb3 Ra8 17.Bd4 Bxd4+ 18.Rxd4 Qb6 19.Qf2 e5 20.fxe5 1/2-1/2

[Event "6th Essent op"]
[Site "Hoogeveen NED"]
[Date "2002.10.12"]
[Round "2.22"]
[White "Weeks, Manuel"]
[Black "Galje, Hans"]
[Result "1-0"]
[WhiteElo "2259"]
[BlackElo "2125"]
[EventDate "2002.10.11"]
[PlyCount "79"]

1.e4 d5 2.exd5 Qxd5 3.Nc3 Qa5 4.Bc4 c6 5.d3 Bf5 6.Bd2 e6 7.Qe2 Nf6 8.h3 h5
9.Nf3 Nbd7 10.Nd4 Bb4 11.a3 Be7 12.Nd5 Qd8 13.Nxe7 Qxe7 14.Nxf5 exf5 15.
Qxe7+ Kxe7 16.O-O-O Rhe8 17.Bb4+ c5 18.Bc3 Kf8 19.Rhe1 Rxe1 20.Rxe1 Re8 
21.Rxe8+ Nxe8 22.b4 cxb4 23.Bxb4+ Kg8 24.Bd5 b6 25.Bc6 Nef6 26.d4 g5 27.
Kd2 Kg7 28.Kd3 Kg6 29.Kc4 a5 30.Be7 Nb8 31.Bb7 Nbd7 32.Kb5 f4 33.Kc6 g4 
34.hxg4 hxg4 35.Bc8 Ne4 36.Bxd7 Nxf2 37.Kd5 g3 38.Bd6 Kg5 39.Kc4 Ne4 40.
Be5 1-0

[Event "6th Essent op"]
[Site "Hoogeveen NED"]
[Date "2002.10.12"]
[Round "2.23"]
[White "Potze, Rudolf"]
[Black "Berendsen, Richard"]
[Result "1/2-1/2"]
[WhiteElo "2142"]
[BlackElo "2249"]
[EventDate "2002.10.11"]
[PlyCount "67"]

1.e4 c5 2.c3 d5 3.exd5 Qxd5 4.d4 Nf6 5.Nf3 Bg4 6.Be2 cxd4 7.cxd4 e6 8.O-O 
Nc6 9.h3 Bh5 10.Nc3 Qd6 11.a3 Be7 12.b4 O-O 13.b5 Bxf3 14.Bxf3 Nxd4 15.
Bxb7 Rab8 16.Ba6 Rfd8 17.Be3 Qe5 18.Bxd4 Rxd4 19.Qe2 Qf4 20.g3 Qf5 21.Kg2 
Rd3 22.Rfc1 Rbd8 23.Bb7 h5 24.a4 h4 25.g4 Qf4 26.Ne4 R3d4 27.Nxf6+ Bxf6 
28.Qf3 Qb8 29.Ra2 Rd3 30.Qxd3 Rxd3 31.Rc8+ Qxc8 32.Bxc8 Rd1 33.Bb7 Ra1 34.
Rxa1 1/2-1/2

[Event "6th Essent op"]
[Site "Hoogeveen NED"]
[Date "2002.10.12"]
[Round "2.24"]
[White "Van Kooten, Luuk"]
[Black "Cako, Laszlo"]
[Result "1-0"]
[WhiteElo "2236"]
[BlackElo "2115"]
[EventDate "2002.10.11"]
[PlyCount "59"]

1.e4 e5 2.Nf3 Nc6 3.Bb5 a6 4.Ba4 Nf6 5.O-O Be7 6.Qe2 b5 7.Bb3 d6 8.c3 O-O 
9.Rd1 Na5 10.Bc2 c5 11.d4 Qc7 12.d5 c4 13.b4 cxb3 14.axb3 Bd7 15.Bd2 Nb7 
16.Na3 Rfb8 17.b4 Bg4 18.h3 Bxf3 19.Qxf3 Nd7 20.Qe2 Nd8 21.Bd3 Nb6 22.Rdc1
Rc8 23.c4 bxc4 24.Nxc4 Qb8 25.Na5 h6 26.Nc6 Nxc6 27.dxc6 d5 28.Bxa6 Rc7 
29.Bb7 Rxa1 30.Rxa1 1-0

[Event "6th Essent op"]
[Site "Hoogeveen NED"]
[Date "2002.10.12"]
[Round "2.25"]
[White "Van der Veen, Jan"]
[Black "Pel, Bonno"]
[Result "0-1"]
[WhiteElo "2135"]
[BlackElo "2229"]
[EventDate "2002.10.11"]
[PlyCount "104"]

1.e4 d6 2.d4 Nf6 3.Nc3 g6 4.Be3 c6 5.Qd2 Nbd7 6.Nf3 Qc7 7.Bd3 Ng4 8.Bg5 h6
9.Bh4 Bg7 10.O-O e5 11.dxe5 dxe5 12.Bc4 Ngf6 13.a4 O-O 14.Ne1 Re8 15.Nd3 
b6 16.f3 Bb7 17.Ne2 Rad8 18.Qc1 a6 19.b4 Qd6 20.Bf2 Qe7 21.Be3 Kh7 22.g4 
Rf8 23.Ng3 Ne8 24.Bb3 Nc7 25.a5 b5 26.Nc5 Bc8 27.Kg2 Nf6 28.h3 Nfe8 29.h4 
Be6 30.Nb7 Rd4 31.c3 Bxb3 32.cxd4 exd4 33.Bd2 Bc4 34.Rh1 Ne6 35.Nc5 Nxc5 
36.bxc5 Qxc5 37.h5 g5 38.Nf5 Be5 39.Qe1 Qa7 40.Qf2 Qd7 41.Bb4 Rg8 42.Rad1 
d3 43.Qb6 Nc7 44.Ne7 Ne6 45.Nxc6 Bc7 46.Qxa6 Nf4+ 47.Kf2 Re8 48.Bc3 Rxe4 
49.fxe4 Qxg4 50.Rde1 Qg2+ 51.Ke3 Qg3+ 52.Kd2 Qf2+ 0-1

[Event "6th Essent op"]
[Site "Hoogeveen NED"]
[Date "2002.10.12"]
[Round "2.26"]
[White "Van Lommel, Patrick"]
[Black "Balzer, Lars"]
[Result "1-0"]
[WhiteElo "2226"]
[BlackElo "2110"]
[EventDate "2002.10.11"]
[PlyCount "71"]

1.d4 g6 2.c4 Bg7 3.Nc3 d6 4.e4 Nf6 5.Be2 O-O 6.Bg5 Na6 7.Qd2 e5 8.d5 Qe8 
9.Bd3 Nc5 10.Bc2 a5 11.f3 Bd7 12.g4 b5 13.cxb5 Bxb5 14.Nge2 Rb8 15.Nxb5 
Qxb5 16.b3 Nfd7 17.Nc3 Qa6 18.Kf2 Rb7 19.Kg2 Rfb8 20.h4 f6 21.Be3 a4 22.h5
Kf7 23.hxg6+ hxg6 24.Kg3 Rg8 25.Nxa4 Nxa4 26.bxa4 Nb6 27.Qd3 Qxd3 28.Bxd3 
Nxa4 29.Rab1 Nb6 30.Bb5 f5 31.Kg2 fxe4 32.fxe4 Ra8 33.a4 Nxa4 34.Be8+ Rxe8
35.Rxb7 Re7 36.Rc1 1-0

[Event "6th Essent op"]
[Site "Hoogeveen NED"]
[Date "2002.10.12"]
[Round "2.27"]
[White "Dogge, Marc"]
[Black "Hulshof, Peter"]
[Result "1/2-1/2"]
[WhiteElo "2124"]
[BlackElo "2223"]
[EventDate "2002.10.11"]
[PlyCount "93"]

1.e4 g6 2.d4 Bg7 3.Nc3 c6 4.Bc4 d6 5.Qf3 e6 6.Nge2 Nd7 7.Bb3 Qe7 8.Qg3 e5 
9.Bg5 Ngf6 10.O-O h6 11.Be3 Nh5 12.Qf3 Ndf6 13.h3 g5 14.Ng3 g4 15.hxg4 
Bxg4 16.Nxh5 Bxh5 17.Qh3 Bg6 18.f4 exf4 19.Rxf4 h5 20.Raf1 Ng4 21.Bxf7+ 
Bxf7 22.Rxf7 Qxf7 23.Rxf7 Kxf7 24.Ne2 Raf8 25.Bf4 d5 26.Qb3 Kg6 27.g3 dxe4
28.Qxb7 Nf6 29.c4 h4 30.g4 Nxg4 31.Qxc6+ Nf6 32.Be5 Rhg8 33.Nf4+ Kh7 34.
Kh1 Bh6 35.Bxf6 Bxf4 36.Qxe4+ Rg6 37.Qe7+ Kg8 38.Qe6+ Kh7 39.Qe7+ Kg8 40.
Bxh4 Bd6 41.Qe1 Rf7 42.c5 Bf8 43.Bg3 Rh7+ 44.Kg2 Be7 45.d5 Bh4 46.Qe8+ Kg7
47.Qe5+ 1/2-1/2

[Event "6th Essent op"]
[Site "Hoogeveen NED"]
[Date "2002.10.12"]
[Round "2.28"]
[White "Ahlers, Ben"]
[Black "Van Weersel, Arlette"]
[Result "1/2-1/2"]
[WhiteElo "2209"]
[BlackElo "2093"]
[EventDate "2002.10.11"]
[PlyCount "45"]

1.d4 d5 2.Nf3 Nf6 3.e3 e6 4.Bd3 c5 5.b3 Nc6 6.Bb2 Bd6 7.O-O O-O 8.Ne5 cxd4
9.exd4 Qb6 10.c4 dxc4 11.Nxc4 Qc7 12.Nxd6 Qxd6 13.Nd2 Nb4 14.Nc4 Qf4 15.g3
Qc7 16.Bb1 b6 17.a3 Nbd5 18.Bd3 Bb7 19.Rc1 Qe7 20.Re1 Rac8 21.Qd2 Ba8 22.
Bf1 Rc7 23.Ne5 1/2-1/2

[Event "6th Essent op"]
[Site "Hoogeveen NED"]
[Date "2002.10.12"]
[Round "2.29"]
[White "Meis, Eric"]
[Black "Spoelman, Wouter"]
[Result "1-0"]
[WhiteElo "2113"]
[BlackElo "2206"]
[EventDate "2002.10.11"]
[PlyCount "133"]

1.e4 c5 2.Nf3 d6 3.d4 cxd4 4.Nxd4 Nf6 5.Nc3 a6 6.Bg5 e6 7.f4 Nc6 8.Nxc6 
bxc6 9.e5 h6 10.Bh4 g5 11.fxg5 Nd5 12.Ne4 Qb6 13.Bd3 hxg5 14.Bg3 dxe5 15.
Bxe5 Rh4 16.Qf3 Qa5+ 17.c3 Nf4 18.Bf6 Nxd3+ 19.Qxd3 Qd5 20.O-O-O Bd7 21.
Rhe1 Qxd3 22.Rxd3 Be7 23.Nd6+ Bxd6 24.Rxd6 Ra7 25.h3 Rh6 26.Bxg5 Rg6 27.
Be3 Rb7 28.g4 Kf8 29.g5 e5 30.Rxg6 fxg6 31.h4 Kf7 32.Bc5 Be6 33.a3 Rd7 34.
Rxe5 Rd5 35.Rxd5 Bxd5 36.Kd2 a5 37.b4 a4 38.Kd3 Ke6 39.Kd4 Bg2 40.Bf8 Kf5 
41.c4 Ke6 42.Kc5 Kd7 43.b5 cxb5 44.cxb5 Bf3 45.Bd6 Kc8 46.Kb6 Be2 47.Ka5 
Kb7 48.b6 Bf3 49.Bc7 Bd1 50.Kb5 Bc2 51.Kc5 Bd1 52.Kd6 Bb3 53.Ke5 Bc2 54.
Kf6 Bd3 55.Kg7 Kc6 56.Kh6 Kd7 57.h5 gxh5 58.Kxh5 Be4 59.g6 Ke7 60.g7 Kf7 
61.Be5 Kg8 62.Kg5 Kh7 63.Kf6 Bd5 64.Ke7 Kg8 65.Kd6 Be4 66.Kc7 Ba8 67.b7 
1-0

[Event "6th Essent op"]
[Site "Hoogeveen NED"]
[Date "2002.10.13"]
[Round "3.1"]
[White "Alekseev, Evgeny V"]
[Black "Bezgodov, Alexei"]
[Result "1/2-1/2"]
[WhiteElo "2593"]
[BlackElo "2536"]
[EventDate "2002.10.11"]
[PlyCount "43"]

1.e4 e5 2.Nf3 Nf6 3.d4 Nxe4 4.Bd3 Nc6 5.Bxe4 d5 6.Bxh7 Rxh7 7.dxe5 Bg4 8.
Bf4 g5 9.Qd3 Bxf3 10.gxf3 f5 11.exf6 Qd7 12.Qg6+ Rf7 13.Qxg5 O-O-O 14.Qg4 
Nd4 15.Kd1 Nf5 16.Re1 Bc5 17.Nc3 Rxf6 18.Bg3 d4 19.Ne4 Rc6 20.Bf4 Bb4 21.
Rg1 Rc4 22.Kc1 1/2-1/2

[Event "6th Essent op"]
[Site "Hoogeveen NED"]
[Date "2002.10.13"]
[Round "3.3"]
[White "Goloshchapov, Alexander"]
[Black "Riazantsev, Alexander"]
[Result "1/2-1/2"]
[WhiteElo "2536"]
[BlackElo "2543"]
[EventDate "2002.10.11"]
[PlyCount "45"]

1.e4 c6 2.d4 d5 3.Nc3 dxe4 4.Nxe4 Bf5 5.Ng3 Bg6 6.h4 h6 7.Nf3 Nd7 8.h5 Bh7
9.Bd3 Bxd3 10.Qxd3 e6 11.Bf4 Ngf6 12.O-O-O Nd5 13.Bd2 Nb4 14.Qb3 a5 15.Ne4
a4 16.Qa3 Qb6 17.Kb1 Qb5 18.Rc1 Nb6 19.Ne5 Nc4 20.Nxc4 Qxc4 21.Bxb4 Bxb4 
22.Qe3 O-O 23.a3 1/2-1/2

[Event "6th Essent op"]
[Site "Hoogeveen NED"]
[Date "2002.10.13"]
[Round "3.4"]
[White "Kiriakov, Petr"]
[Black "Grooten, Herman"]
[Result "1/2-1/2"]
[WhiteElo "2553"]
[BlackElo "2379"]
[EventDate "2002.10.11"]
[PlyCount "110"]

1.d4 Nf6 2.c4 e6 3.Nc3 Bb4 4.Qc2 c5 5.dxc5 Bxc5 6.Nf3 Qb6 7.e3 Qc7 8.Bd2 
b6 9.O-O-O Bb7 10.Nb5 Qd8 11.Bc3 a6 12.Bxf6 gxf6 13.Nd6+ Bxd6 14.Rxd6 Qc7 
15.Rd2 Bxf3 16.gxf3 Nc6 17.f4 Nb4 18.Qe4 Rc8 19.a3 Qc6 20.Qxc6 Nxc6 21.b4 
a5 22.b5 Ne7 23.Kb2 Rc5 24.Rg1 Nc8 25.Be2 Ke7 26.Kb3 Rc7 27.Rgd1 Rg8 28.
Bf3 Rg6 29.h4 f5 30.Rd4 Rg8 31.R4d2 h6 32.Rd4 Rd8 33.Bh5 d6 34.Bf3 Rc5 35.
Be2 Na7 36.a4 Nc8 37.Rg1 d5 38.cxd5 Rcxd5 39.Rxd5 Rxd5 40.Rc1 Rc5 41.Rg1 
Nd6 42.Bd3 Rd5 43.Kc3 Nb7 44.Rg8 Nc5 45.Bc2 Rd8 46.Rxd8 Kxd8 47.f3 Ke7 48.
Kd4 Nd7 49.e4 fxe4 50.fxe4 Nf6 51.Bd1 Ne8 52.e5 Ng7 53.Bg4 f6 54.h5 Kf7 
55.Ke3 Ke7 1/2-1/2

[Event "6th Essent op"]
[Site "Hoogeveen NED"]
[Date "2002.10.13"]
[Round "3.5"]
[White "Visser, Yge"]
[Black "Dvoirys, Semen I"]
[Result "0-1"]
[WhiteElo "2431"]
[BlackElo "2567"]
[EventDate "2002.10.11"]
[PlyCount "90"]

1.e4 c5 2.d3 Nc6 3.g3 g6 4.Bg2 Bg7 5.f4 d6 6.Nf3 Rb8 7.O-O b5 8.a3 e6 9.c3
Nge7 10.Be3 O-O 11.Bf2 a5 12.Nbd2 b4 13.axb4 cxb4 14.d4 bxc3 15.bxc3 Ba6 
16.Re1 Qc7 17.Ra3 Rfc8 18.h4 Na7 19.Qa1 Nec6 20.c4 Nb4 21.Rc1 Nac6 22.Rcc3
e5 23.Nb3 exd4 24.Nbxd4 Re8 25.Qf1 Rxe4 26.Nb5 Qe7 27.Ng5 Re2 28.Re3 Rxe3 
29.Rxe3 Qd8 30.h5 Nd4 31.hxg6 hxg6 32.Be4 Nxb5 33.cxb5 Rxb5 34.Qh3 Rxg5 
35.fxg5 Bc4 36.Qh4 d5 37.Bxg6 fxg6 38.Re6 Bd3 39.Bd4 Bxd4+ 40.Qxd4 Qxg5 
41.Re8+ Kf7 42.Re3 Be4 43.Qa7+ Qe7 44.Qxa5 Nc6 45.Qb6 Qa7 0-1

[Event "6th Essent op"]
[Site "Hoogeveen NED"]
[Date "2002.10.13"]
[Round "3.8"]
[White "Ionov, Sergey"]
[Black "Solleveld, Maarten"]
[Result "1/2-1/2"]
[WhiteElo "2538"]
[BlackElo "2453"]
[EventDate "2002.10.11"]
[PlyCount "75"]

1.d4 Nf6 2.c4 g6 3.g3 Bg7 4.Bg2 O-O 5.Nc3 d6 6.Nf3 Nc6 7.O-O e5 8.d5 Ne7 
9.e4 Ne8 10.Ne1 f5 11.Nd3 Nf6 12.Bd2 c6 13.Qb3 Kh8 14.f3 Neg8 15.f4 cxd5 
16.cxd5 Nxe4 17.Nxe4 fxe4 18.Bxe4 exf4 19.Nxf4 Qb6+ 20.Qxb6 axb6 21.Rac1 
Re8 22.Bb1 Bxb2 23.Bc3+ Bxc3 24.Rxc3 Bf5 25.Bxf5 gxf5 26.Rf2 Re5 27.Rc7 
Re7 28.Rxe7 Nxe7 29.Re2 Ng6 30.Nxg6+ hxg6 31.Re6 Kg7 32.Rxd6 Rxa2 33.Rxb6 
Rd2 34.Rxb7+ Kf6 35.Rb6+ Kg5 36.Rd6 f4 37.gxf4+ Kxf4 38.Rxg6 1/2-1/2

[Event "6th Essent op"]
[Site "Hoogeveen NED"]
[Date "2002.10.13"]
[Round "3.10"]
[White "De Jong, Migchiel"]
[Black "Radulski, Yulian"]
[Result "0-1"]
[WhiteElo "2298"]
[BlackElo "2487"]
[EventDate "2002.10.11"]
[PlyCount "94"]

1.Nf3 d5 2.b3 c5 3.e3 Nf6 4.Bb2 Nc6 5.Bb5 Bd7 6.O-O e6 7.Bxc6 Bxc6 8.Ne5 
Qc7 9.d3 O-O-O 10.Nd2 Be8 11.f4 Ng8 12.Qe2 f6 13.Nef3 Ne7 14.a3 Nc6 15.c4 
Bh5 16.cxd5 exd5 17.Qf2 d4 18.exd4 Qxf4 19.dxc5 Rxd3 20.b4 Be7 21.Rac1 
Rhd8 22.Nc4 Bxf3 23.gxf3 Nd4 24.Nd6+ Kb8 25.Bxd4 Rxd4 26.Ne4 f5 27.Qg3 
Qxg3+ 28.Nxg3 g6 29.c6 bxc6 30.Rxc6 Rd3 31.Ra6 R8d6 32.Rxd6 Bxd6 33.Re1 
Rxf3 34.Re8+ Kb7 35.Nf1 Rxa3 36.Rh8 Bxb4 37.Rxh7+ Kc8 38.h4 Rd3 39.h5 gxh5
40.Rxh5 f4 41.Rf5 Bd6 42.Kf2 Bc7 43.Ke2 Rc3 44.Nd2 a5 45.Kd1 a4 46.Ne4 Rc4
47.Nc5 Bd6 0-1

[Event "6th Essent op"]
[Site "Hoogeveen NED"]
[Date "2002.10.13"]
[Round "3.11"]
[White "Cheparinov, Ivan"]
[Black "Van Beers, Eddy"]
[Result "1-0"]
[WhiteElo "2473"]
[BlackElo "2331"]
[EventDate "2002.10.11"]
[PlyCount "131"]

1.e4 c5 2.Nf3 d6 3.d4 cxd4 4.Nxd4 Nf6 5.Nc3 a6 6.Be3 Ng4 7.Bg5 h6 8.Bh4 g5
9.Bg3 Bg7 10.h3 Nf6 11.Bc4 Nxe4 12.Bxf7+ Kxf7 13.Nxe4 Rf8 14.O-O Kg8 15.c3
Nc6 16.Qb3+ Kh8 17.Ne6 Bxe6 18.Qxe6 Qc8 19.Qb3 Na5 20.Qc2 Nc4 21.Rae1 Qc6 
22.Nd2 e5 23.Nxc4 Qxc4 24.Rd1 Rad8 25.Qb3 Qxb3 26.axb3 d5 27.Rfe1 Rfe8 28.
f3 Kg8 29.Bf2 Kf7 30.Rd2 Bf6 31.Red1 Ke6 32.Bb6 Rd6 33.Bc5 Rdd8 34.Kf2 Be7
35.Be3 Bf6 36.g4 Be7 37.Kg2 Bf6 38.Bf2 Be7 39.Bg3 Bf6 40.Kf1 Rd7 41.Ke2 
Rdd8 42.c4 dxc4 43.Rxd8 Rxd8 44.Rxd8 Bxd8 45.bxc4 b5 46.Kd3 Bb6 47.cxb5 
axb5 48.Ke4 Bd4 49.b3 Bc3 50.h4 gxh4 51.Bxh4 Bb4 52.Bf2 Bf8 53.Be1 Bg7 54.
Bc3 Bf6 55.Bb2 Kd6 56.f4 Ke6 57.Bxe5 Be7 58.f5+ Kf7 59.Kd5 b4 60.Bd6 Bd8 
61.Bxb4 h5 62.gxh5 Kf6 63.h6 Kxf5 64.h7 Bf6 65.Bc5 Kg6 66.Bd4 1-0

[Event "6th Essent op"]
[Site "Hoogeveen NED"]
[Date "2002.10.13"]
[Round "3.12"]
[White "Rogers, Ian"]
[Black "Schuurman, Petra"]
[Result "1-0"]
[WhiteElo "2557"]
[BlackElo "2274"]
[EventDate "2002.10.11"]
[PlyCount "39"]

1.e4 c5 2.Nf3 g6 3.d4 cxd4 4.Qxd4 Nf6 5.e5 Nc6 6.Qa4 Nd5 7.Qb3 Nb6 8.Bf4 
Bg7 9.Nc3 O-O 10.O-O-O d5 11.exd6 e5 12.Bg5 Qe8 13.Ne4 Be6 14.Qb5 f6 15.
Be3 Qf7 16.Nfg5 fxg5 17.Nxg5 Nd4 18.Bxd4 Bd7 19.Nxf7 Bxb5 20.Nxe5 1-0

[Event "6th Essent op"]
[Site "Hoogeveen NED"]
[Date "2002.10.13"]
[Round "3.13"]
[White "Sawadkuhi, Massoud Amir"]
[Black "Quinn, Mark"]
[Result "1-0"]
[WhiteElo "2263"]
[BlackElo "2429"]
[EventDate "2002.10.11"]
[PlyCount "163"]

1.e4 c5 2.Nf3 e6 3.d4 cxd4 4.Nxd4 Nf6 5.Nc3 d6 6.Be3 a6 7.f3 b5 8.Qd2 Nbd7
9.g4 Nb6 10.Qf2 Nfd7 11.Bd3 Bb7 12.O-O-O Rc8 13.h4 Rxc3 14.bxc3 Qc7 15.Ne2
Na4 16.Kd2 d5 17.exd5 Bxd5 18.Rhe1 Ne5 19.Bf4 Bd6 20.Bxe5 Bxe5 21.f4 Bxc3+
22.Nxc3 Qxc3+ 23.Ke2 O-O 24.Kf1 Nb2 25.Rd2 Nxd3 26.cxd3 b4 27.Kg1 a5 28.
Kh2 a4 29.h5 b3 30.axb3 axb3 31.Ree2 Ra8 32.g5 Ra1 33.Qb6 Qc8 34.Kg3 h6 
35.gxh6 gxh6 36.Qd4 Rh1 37.Rh2 Qc1 38.Rxh1 Qxh1 39.Rh2 Qf3+ 40.Kh4 f5 41.
Qg1+ Kf7 42.Rf2 Qh1+ 43.Qxh1 Bxh1 44.Rb2 Bd5 45.Kg3 Ke7 46.Kf2 Kd6 47.Ke3 
Kc5 48.Rb1 Kb4 49.Kd4 Bf3 50.Re1 Bd5 51.Re2 Kb5 52.Kc3 Kc6 53.Re3 Kd6 54.
d4 Bc6 55.Kxb3 Be8 56.Kc3 Bxh5 57.Rh3 Be2 58.Rxh6 Bf1 59.Kd2 Kd5 60.Ke3 
Bb5 61.Rh8 Kd6 62.Rd8+ Kc7 63.Rh8 Kd6 64.Rh1 Bc6 65.Rc1 Bd5 66.Rc5 Be4 67.
Kf2 Bd5 68.Kg3 Be4 69.Kh4 Bd5 70.Kg5 Be4 71.Kf6 Bd5 72.Ra5 Be4 73.Rc5 Bd5 
74.Ra5 Bc4 75.Rc5 Bd5 76.Rc3 Ba2 77.Ra3 Bc4 78.Ra4 Bd5 79.Ra6+ Kd7 80.Ke5 
Bc4 81.Ra3 Bd5 82.Rh3 1-0